Cẩm nang sửa chữa và nâng cấp máy tính cá nhân; T2

Uloženo v:
Podrobná bibliografie
Hlavní autor: Nguyễn Văn Khoa
Médium: Kniha
Jazyk:Undetermined
Vydáno: H. Thống Kê 2001
Témata:
Tagy: Přidat tag
Žádné tagy, Buďte první, kdo otaguje tento záznam!
Thư viện lưu trữ: Trung tâm Học liệu Trường Đại học Cần Thơ
LEADER 00635nam a2200193Ia 4500
001 CTU_55212
008 210402s9999 xx 000 0 und d
020 |b 93000 
082 |a 621.39 
082 |b Kh401/T2 
100 |a Nguyễn Văn Khoa 
245 0 |a Cẩm nang sửa chữa và nâng cấp máy tính cá nhân; T2 
245 0 |c Nguyễn Văn Khoa 
260 |a H. 
260 |b Thống Kê 
260 |c 2001 
650 |a computer hardware description languages,computer engineering 
650 |x maintenance and repair,maintenance and repair 
980 |a Trung tâm Học liệu Trường Đại học Cần Thơ